Walking alone : (Record no. 129955)

MARC details
000 -LEADER
fixed length control field 00878nam a22002537a 4500
003 - CONTROL NUMBER IDENTIFIER
control field dpl
005 - DATE AND TIME OF LATEST TRANSACTION
control field 20190116141440.0
008 - FIXED-LENGTH DATA ELEMENTS--GENERAL INFORMATION
fixed length control field 180522b xxu||||| |||| 00| 0 eng d
010 ## - LIBRARY OF CONGRESS CONTROL NUMBER
LC control number A-996835,A-996839
020 ## - INTERNATIONAL STANDARD BOOK NUMBER
Terms of availability 00.00
International Standard Book Number 8170943280
035 ## - SYSTEM CONTROL NUMBER
System control number A-996835 A-996839, A-996836
037 ## - SOURCE OF ACQUISITION
Source of stock number/acquisition Cen Lib/Ret
040 ## - CATALOGING SOURCE
Original cataloging agency DPL
Language of cataloging EN
Transcribing agency 0
082 ## - DEWEY DECIMAL CLASSIFICATION NUMBER
Classification number 954.0841
Item number KAS
100 ## - MAIN ENTRY--PERSONAL NAME
Personal name Kasturi, Bhashyam
9 (RLIN) 27883
245 ## - TITLE STATEMENT
Title Walking alone :
Statement of responsibility, etc by Bhashyam Kasturi
Remainder of title Gandhi and India's partition /
260 ## - PUBLICATION, DISTRIBUTION, ETC. (IMPRINT)
Name of publisher, distributor, etc Vision Books Pvt Ltd
Place of publication, distribution, etc New Delhi
Date of publication, distribution, etc 1999
270 ## - ADDRESS
Address 24 Feroze Gandhi Road, Lajpat Nagar III
City New Delhi
Postal code 110024
300 ## - PHYSICAL DESCRIPTION
Extent 152p.
Dimensions 22cm(Hb)
500 ## - GENERAL NOTE
General note Includes bibliographical references and index
650 ## - SUBJECT ADDED ENTRY--TOPICAL TERM
Topical term or geographic name as entry element India -- History -- Partition, 1947
9 (RLIN) 26337
650 ## - SUBJECT ADDED ENTRY--TOPICAL TERM
Topical term or geographic name as entry element Gandhi, -- Mahatma, -- 1869-1948
9 (RLIN) 27884
942 ## - ADDED ENTRY ELEMENTS (KOHA)
Source of classification or shelving scheme Dewey Decimal Classification
Koha item type English Books
Classification part 954.0841
Call number suffix KAS
Holdings
Withdrawn status Lost status Damaged status Not for loan Home library Current library Date acquired Source of acquisition Cost, normal purchase price Total Checkouts Full call number Barcode Date last seen Copy number Cost, replacement price Price effective from Koha item type Source of classification or shelving scheme Collection code
        Central Library Central Library 08/07/2015 Cen Lib/Ret 0.00   954.0841 KAS A-996835 08/07/2015 1 0.00 08/07/2015 English Books    
        Patel Nagar Patel Nagar 30/06/2018 BPPD/Pub 280.00   954.0841 KAS A-996836 30/06/2018 1 280.00 30/06/2018 English Books Dewey Decimal Classification Non-fiction
Binding       Shahdara Branch Shahdara Branch 16/01/2019 BPPD/PUB 280.00   954.0841 KAS A-996839 22/05/2018   280.00 22/05/2018 English Books Dewey Decimal Classification Non-fiction

© Delhi Public Library
Hit Counter
free hit counter